[Event "Milan Province-ch"]
[Site "Milan"]
[Date "2013.01.27"]
[Round "6"]
[White "Iacopini, Federico"]
[Black "Madaschi, Sergio"]
[Result "1-0"]
[WhiteElo "1413"]
[BlackElo "1511"]
[PlyCount "73"]
[EventDate "2013.01.24"]
[EventType "swiss"]
[EventRounds "6"]
[EventCountry "ITA"]
[SourceTitle "EXT 2014"]
[Source "ChessBase"]
[SourceDate "2013.11.20"]
[SourceVersion "1"]
[SourceVersionDate "2013.11.20"]
[SourceQuality "1"]

1. e4 c5 2. Nc3 Nc6 3. g3 g6 4. Bg2 Bg7 5. f4 e6 6. Nf3 Nge7 7. d3 d6 8. Qe2 Qc7 9. Be3 Nd4 10. Bxd4 cxd4 11. Nd1 Nc6 12. Nf2 Bd7 13. 0-0 0-0 14. Ng4 h5 15. Nf2 Rfe8 16. g4 hxg4 17. Nxg4 f5 18. Nf2 e5 19. fxe5 dxe5 20. exf5 gxf5 21. Ng5 Qd6 22. Qh5 Qf6 23. Bd5+ Be6 24. Bxe6+ Rxe6 25. Nxe6 Qxe6 26. Nh3 f4 27. Ng5 Qf5 28. Rf2 Rf8 29. Raf1 Ne7 30. Rg2 Nd5 31. Rgf2 Nf6 32. Qh4 Ng4 33. Rxf4 exf4 34. Rxf4 Qg6 35. Rxf8+ Bxf8 36. Qxg4 Be7 37. Qe6+ 1-0